[Event "RUS-chT Premier League 2018"]
[Site "Sochi"]
[Date "2018.05.01"]
[Round "1"]
[White "Fedoseev, Vladimir"]
[Black "Looshnikov, Nikolai"]
[Result "1-0"]
[WhiteElo "2706"]
[BlackElo "2435"]
[Annotator "TA"]
[PlyCount "133"]
[EventDate "2018.??.??"]
[EventCountry "RUS"]
[SourceTitle "playchess.com"]
[Source "ChessBase"]
[SourceQuality "1"]

{[%evp 9,133,35,38,0,9,0,0,11,3,0,12,-11,-11,-17,-20,-13,-10,-14,-11,-11,-12,-10,-6,-13,0,0,0,-16,0,-12,2,-10,8,0,0,5,8,0,0,0,0,-8,0,0,0,0,0,0,0,0,0,0,0,0,0,0,0,0,0,0,0,-70,0,0,0,0,0,-8,0,0,0,-7,0,0,0,-13,0,-31,-15,-16,-23,-25,0,-15,-22,-23,-18,-30,0,0,0,0,0,-4,0,0,0,0,0,0,0,0,0,0,0,0,8,8,8,15,315,233,477,460,515,497,1089,1089,2075,1750,7193,8361,7273,6093,29977,29978]} 1. d4 Nf6 2. c4 e6 3. Nf3 d5 4. Nc3 c5 5. cxd5 Nxd5 {LiveBook: 1723 Games} 6. a3 {D41: Queen's Gambit Declined: Semi-Tarrasch with 5 cxd5} (6. e4 Nxc3 7. bxc3 cxd4 8. cxd4 Bb4+ 9. Bd2 Bxd2+ 10. Qxd2 O-O 11. Bc4 Nd7 12. O-O b6 13. Rad1 Bb7 14. Rfe1 Rc8 15. Bb3 Re8 16. h3 Nf6 17. Qf4 Nh5 18. Qe5 Nf6 19. Qf4 Nh5 20. Qh2 h6 21. d5 exd5 22. exd5 Rxe1+ 23. Nxe1 {½-½ (57) So,W (2799)-Kramnik,V (2800) Berlin 2018}) 6... cxd4 7. Qxd4 Nc6 8. Qd3 $146 {The position is equal.} ({Predecessor:} 8. Qd1 Nxc3 9. Qxd8+ Nxd8 10. bxc3 b6 11. e3 Bb7 12. Bb2 Be7 13. Be2 Bf6 14. O-O O-O {1-0 (53) Chouquet,A-Theret,S Rochefort 1998}) 8... Nxc3 9. Qxc3 Bd7 10. Bg5 f6 11. Bd2 Rc8 12. Qd3 e5 13. Rc1 Be6 14. e4 Qxd3 15. Bxd3 Bd6 16. Be3 Ke7 17. Ke2 a6 18. Nd2 Na5 19. h4 h5 20. g3 Nb3 21. Nxb3 Bxb3 22. f4 Kd7 23. Kf3 (23. f5 {is interesting.} b5 24. Kd2 Bc7 25. Rhf1 Rhd8 26. Ke2) 23... Rxc1 24. Rxc1 Rc8 25. Rf1 Be6 26. f5 Bb3 27. Rg1 Ke8 28. g4 hxg4+ 29. Kxg4 Kf7 30. Kf3 Rc7 31. h5 Bc5 32. Rh1 (32. Rc1 {keeps more tension.} Bd6 33. Rh1 Bc5 34. h6 gxh6 35. Bxh6 Rc6 36. Bd2) 32... Bxe3 33. Kxe3 $11 {[%mdl 4096] Endgame KRB-KRB} Rc6 34. Kd2 a5 35. a4 (35. h6 $11 gxh6 36. Rxh6) 35... Kf8 (35... Kg8 $1 $15) 36. Bb5 Rc2+ 37. Kd3 Rg2 {...Bc2+ is the strong threat.} 38. Rc1 Rg3+ 39. Kd2 Rg2+ 40. Kd3 Rg3+ 41. Kd2 Rg2+ 42. Ke3 Rc2 43. Rb1 Rh2 44. Rc1 Bc2 45. Kf3 Ke7 46. Kg3 Rd2 47. Kf3 Kf8 48. b3 Rh2 49. Bc4 b6 50. Kg3 Rd2 51. Be6 Ke7 52. Kf3 Rh2 53. Kg3 Rd2 54. Kf3 Rh2 55. Kg3 Rd2 56. Bd5 Kd6 57. Rg1 Bd1 58. Kh3 Bxh5 59. Rxg7 Rd3+ $2 {[%mdl 8192] [#]} (59... Rd4 $11 {and Black has nothing to worry.}) 60. Kh4 $1 $18 {[%cal Rh4h5]} Be8 $2 {[#]} (60... Bd1 61. Rf7 Bxb3) 61. Rb7 $1 b5 62. axb5 {[%cal Ba4b5,Bb5b6,Bb6b7][%mdl 32]} Kc5 (62... Rf3 $142 63. Rb6+ Kc5 64. Rxf6 Bxb5) 63. b6 a4 64. bxa4 Rd1 65. Rb8 Rh1+ 66. Kg3 Bxa4 67. b7 {Precision: White = 63%, Black = 42%.} 1-0

[Event "RUS-chT Premier League 2018"]
[Site "Sochi"]
[Date "2018.05.01"]
[Round "1"]
[White "Artemiev, Vladislav"]
[Black "Sarana, Alexey"]
[Result "1-0"]
[WhiteElo "2701"]
[BlackElo "2588"]
[Annotator "TA"]
[PlyCount "65"]
[EventDate "2018.??.??"]
[EventCountry "RUS"]
[SourceTitle "playchess.com"]
[Source "ChessBase"]
[SourceQuality "1"]

{[%evp 21,65,0,26,21,40,21,37,25,87,83,95,83,86,91,90,72,89,67,81,74,89,87,233,231,451,410,455,459,459,446,452,448,443,447,297,294,461,462,443,432,393,382,608,608,696,690]} 1. d4 Nf6 2. c4 g6 3. Nc3 d5 4. cxd5 Nxd5 5. e4 Nxc3 6. bxc3 Bg7 7. Bg5 {D85: Exchange Grünfeld: Unusual White 7th moves and lines with 7 Nf3} (7. Qa4+ Qd7 8. Qb3 O-O 9. Nf3 c5 10. Be3 b6 11. Rd1 Qc7 12. Be2 Nd7 13. e5 e6 14. h4 Bb7 15. h5 {½-½ (55) Nakamura,H (2781)-Vachier Lagrave,M (2793) Caleta 2018}) 7... c5 8. Rc1 O-O 9. Nf3 Bg4 10. d5 Qd6 11. Be2 Nd7 {LiveBook: 22 Games} 12. O-O e6 13. h3 $146 ({Predecessor:} 13. dxe6 Qxe6 14. Nd4 Qe5 {½-½ (32) Macieja,B (2630)-Pavlovic,M (2482) Richardson 2013}) 13... Bxf3 14. Bxf3 h6 (14... exd5 $11 {keeps the balance.} 15. Qxd5 (15. exd5 b6 $14) 15... Qc7) 15. dxe6 $16 Qxe6 16. Bg4 $1 {[%cal Rg4e6]} Qe5 17. f4 {[%cal Bf2f4,Bf4f5,Bf5g6,Bg6f7][%mdl 32]} ({Reject} 17. Bxd7 $6 Qxg5 18. Qc2 Rad8 $15) 17... Qxe4 18. Re1 $36 {[%mdl 2048] Black is under strong pressure.} Qc4 19. Be7 ({And not} 19. Qxd7 hxg5 20. fxg5 Qxa2 $15) 19... Nf6 20. Bxf8 Rxf8 21. f5 Ne4 (21... g5 $16) 22. fxg6 $18 Nxc3 $2 (22... f5 23. Bf3 Qe6 24. Bxe4 fxe4) 23. gxf7+ $1 Kh8 24. Qf3 Bd4+ 25. Kh1 $1 {Black must now prevent Re8.} Qxf7 26. Rxc3 Qg7 27. Qxf8+ Qxf8 {[#]} 28. Rf3 $1 {[%cal Rf3f8]} Qd6 (28... Bf6 $142 29. Re6 Kg7 30. Rfxf6 (30. Rexf6 Qxf6 31. Rxf6 Kxf6 $18) 30... Qxf6 31. Rxf6 Kxf6) 29. Re6 Qc7 30. Bf5 Kg8 31. Rg6+ Kf7 (31... Bg7 $142 32. Rfg3 Kf8 33. Rxg7 Qxg7 34. Rxg7 Kxg7) 32. Bd3+ Ke7 {[#] intending ...c4.} 33. Bc4 $1 {Precision: White = 98%, Black = 28%.} 1-0

[Event "RUS-chT Premier League 2018"]
[Site "Sochi"]
[Date "2018.05.01"]
[Round "1"]
[White "Gelfand, Boris"]
[Black "Dubov, Daniil"]
[Result "1/2-1/2"]
[WhiteElo "2695"]
[BlackElo "2696"]
[Annotator "TA"]
[PlyCount "79"]
[EventDate "2018.??.??"]
[EventCountry "RUS"]
[SourceTitle "playchess.com"]
[Source "ChessBase"]
[SourceQuality "1"]

{[%evp 26,79,20,0,11,0,29,18,20,18,15,24,27,19,20,19,25,18,23,19,25,21,30,25,26,23,23,20,20,20,18,17,25,25,23,21,22,17,20,16,13,7,9,8,12,0,0,0,0,0,0,0,0,0,0,0]} 1. d4 d5 2. c4 c6 3. Nf3 Nf6 4. Nc3 dxc4 5. a4 e6 6. e3 c5 7. Bxc4 Nc6 8. O-O cxd4 9. exd4 Be7 {D16: Slav Defence: 5 a4: Lines with 5...Bg4 and 5...Na6} 10. Qe2 O-O 11. Rd1 Nd5 (11... Nb4 12. Ne5 Bd7 13. a5 Rc8 14. a6 bxa6 15. Bxa6 Rc7 16. Bf4 Nfd5 17. Nxd5 Nxd5 {½-½ (48) Anton Guijarro,D (2666)-Duda,J (2717) Riadh 2017}) 12. Qe4 Nf6 13. Qh4 Nd5 14. Qe4 {[%cal Rc3d5] LiveBook: 41 Games} Nf6 15. Qh4 Nd5 16. Qg3 Bd6 17. Qh3 $146 ({Predecessor:} 17. Qg4) 17... e5 18. Qh5 Nf6 19. Qh4 Bg4 $1 20. dxe5 Nxe5 21. Nxe5 Bxd1 22. Nxf7 Rxf7 23. Bxf7+ Kxf7 24. Qc4+ Kf8 {[#] aiming for ...Rc8.} 25. Nxd1 Bxh2+ $1 26. Kxh2 {Hoping for Be3.} Qxd1 27. Be3 {Bc5+ would kill now.} Qd5 28. Bc5+ Kf7 29. Qxd5+ Nxd5 $11 {[%mdl 4096] Endgame KRB-KRN} 30. Rd1 Ke6 {The position is equal.} 31. Re1+ Kd7 32. Re5 Kc6 33. Bd4 g6 $1 34. Kg3 Rf8 35. b4 a6 36. Bc5 Rf7 37. Re6+ Kc7 38. Re5 Kc6 39. Re6+ Kc7 40. Re5 {Precision: White = 63%, Black = 97%.} 1/2-1/2

[Event "RUS-chT Premier League 2018"]
[Site "Sochi"]
[Date "2018.05.01"]
[Round "1"]
[White "Malakhov, Vladimir"]
[Black "Motylev, Alexander"]
[Result "1/2-1/2"]
[WhiteElo "2689"]
[BlackElo "2660"]
[Annotator "TA"]
[PlyCount "50"]
[EventDate "2018.??.??"]
[EventCountry "RUS"]
[SourceTitle "playchess.com"]
[Source "ChessBase"]
[SourceQuality "1"]

{[%evp 9,50,-12,-5,-5,-6,-5,-17,-16,-14,-14,-9,-12,-3,-6,0,-6,-5,0,0,0,0,-6,0,0,0,-5,0,-26,-22,-21,-21,-21,-15,-45,-29,-34,0,-8,0,-38,0,-21,0]} 1. Nf3 d5 2. b3 Bg4 3. Bb2 Nd7 4. g3 e5 $146 ({Predecessor:} 4... Bxf3 5. exf3 Ngf6 6. f4 e6 7. Bg2 Bd6 8. O-O c6 9. d3 h5 10. h4 Qc7 11. Nd2 O-O-O 12. Nf3 e5 13. fxe5 Nxe5 14. Nxe5 Bxe5 {1-0 (36) Fedoseev,V (2733)-Motylev,A (2675) Sochi 2017}) 5. h3 Bxf3 6. exf3 {A06: Réti Opening:1 Nf3 d5} Ngf6 7. Bg2 Bc5 8. O-O O-O 9. c3 {[%cal Bc2c3,Bc3d4][%mdl 32]} Re8 10. d4 exd4 11. cxd4 Bb6 12. Nd2 {[%cal Bb1d2,Bd2f3,Bf3e5][%mdl 32]} Qe7 13. f4 Qe2 14. Rb1 c6 15. Nf3 Qxd1 16. Rfxd1 Ne4 17. Rbc1 a5 18. a4 (18. Ne5 $5 {[%cal Re5d7]} Ndf6 19. a4 $11) 18... Nb8 {[%cal Bd7b8,Bb8a6,Ba6b4,Bb4a2][%mdl 32]} 19. Ne5 f6 20. Nd3 Na6 21. Bf1 Nb4 22. f5 Na2 23. Rc2 Nb4 24. Rcc1 Na2 25. Rc2 Nb4 {Precision: White = 59%, Black = 50%.} 1/2-1/2

[Event "RUS-chT Premier League 2018"]
[Site "Sochi"]
[Date "2018.05.01"]
[Round "1"]
[White "Rodshtein, Maxim"]
[Black "Gutenev, Alexander"]
[Result "1/2-1/2"]
[WhiteElo "2681"]
[BlackElo "2482"]
[Annotator "TA"]
[PlyCount "57"]
[EventDate "2018.??.??"]
[EventCountry "RUS"]
[SourceTitle "playchess.com"]
[Source "ChessBase"]
[SourceQuality "1"]

{[%evp 21,57,45,45,56,63,49,41,32,53,31,84,47,45,5,23,-8,-49,-77,-41,-52,-30,-98,-61,-64,-51,-95,0,0,0,0,0,0,0,0,0,0,0,0]} 1. e4 c5 2. Nf3 Nc6 3. d4 cxd4 4. Nxd4 Nf6 5. Nc3 d6 6. Bg5 e6 7. Qd2 Be7 8. O-O-O O-O 9. Nb3 Qb6 10. Kb1 {B63: Sicilian: Richter-Rauzer: 7...Be7 and unusual Black 7th moves} Rd8 11. h4 a6 {LiveBook: 4 Games} 12. g4 {[%cal Bg2g4,Bg4g5][%mdl 32] White is slightly better.} Qc7 13. f4 b5 14. Bxf6 Bxf6 15. g5 Be7 (15... Bxc3 $14 16. Qxc3 b4) 16. Bd3 $146 ({Predecessor:} 16. h5 b4 17. Ne2 a5 {½-½ (47) Kanmazalp,O (2458)-Kozul,Z (2626) Izmir 2018}) 16... b4 17. Ne2 a5 {[%cal Ba6a5,Ba5a4][%mdl 32]} 18. h5 a4 19. Nbc1 Rb8 20. Rdf1 d5 {Threatens to win with ...dxe4.} 21. exd5 (21. e5 $11 {keeps the balance.}) 21... Rxd5 $17 22. Qe3 Na5 23. Qe4 Rf5 ({Black should play} 23... Rxd3 $1 $17 24. Qxd3 Bb7) 24. Nd4 $1 $11 {aiming for g6.The position is equal.} Bb7 25. Qe2 {Hoping for Nxe6.} Rd5 ({Don't go for} 25... Rxf4 $2 26. Nxe6 $1 {[%mdl 512]} fxe6 27. Qxe6+ Kh8 28. h6 $1 $18 {[%mdl 512]}) 26. Qe4 Rf5 $1 27. Qe2 {Strongly threatening Nxe6.} Rd5 (27... Rxf4 {[#]} 28. Nxe6 $1 {[%mdl 512]} fxe6 29. Qxe6+ Kh8 30. h6 $1 $18 {[%mdl 512]}) 28. Qe4 Rf5 $1 29. Qe2 {Precision: White = 66%, Black = 81%.} 1/2-1/2

[Event "RUS-chT Premier League 2018"]
[Site "Sochi"]
[Date "2018.05.01"]
[Round "1"]
[White "Najer, Evgeniy"]
[Black "Shirov, Alexei"]
[Result "1-0"]
[WhiteElo "2674"]
[BlackElo "2644"]
[Annotator "TA"]
[PlyCount "75"]
[EventDate "2018.??.??"]
[EventCountry "RUS"]
[SourceTitle "playchess.com"]
[Source "ChessBase"]
[SourceQuality "1"]

{[%evp 23,75,0,19,11,27,24,37,36,43,47,44,29,55,64,139,151,142,146,154,163,213,204,192,214,200,168,168,172,172,168,166,181,183,177,159,166,214,130,148,120,150,154,731,731,711,694,759,759,759,759,744,744,731,712]} 1. e4 e5 2. Nf3 Nc6 3. Bb5 a6 4. Ba4 Nf6 5. O-O b5 6. Bb3 Bc5 7. c3 d6 8. a4 Rb8 9. d4 Bb6 10. a5 {C78: Ruy Lopez: Archangelsk and Möller Defences} Ba7 11. h3 (11. Be3 Bg4 12. dxe5 Bxf3 13. Qxf3 Nxe5 14. Qe2 Bxe3 15. Qxe3 O-O 16. Nd2 Re8 17. f3 c5 {0-1 (42) Najer,E (2681)-Shirov,A (2730) Germany 2010}) 11... O-O 12. Be3 Ra8 {LiveBook: 46 Games} 13. Qe2 {[#]} Bb7 $146 ({Predecessor:} 13... h6 14. Rd1 Re8 15. d5 Ne7 16. c4 Bxe3 17. Qxe3 bxc4 18. Bxc4 {1-0 (62) Areshchenko,A (2675)-Schroeder,J (2514) Bad Wiessee 2016}) 14. Rd1 Qe7 ({Don't play} 14... Nxe4 $6 15. d5 $16) 15. d5 Nb8 16. Bxa7 Rxa7 17. c4 b4 18. c5 $36 {[%mdl 2048] Threatens to win with c6. White has the initiative.} dxc5 (18... Nbd7 $1 $14) 19. Nbd2 $16 {[%cal Bb1d2,Bd2c4,Bc4e5][%mdl 32]} Nbd7 20. Nc4 Ne8 21. Ba4 Nd6 22. Bxd7 $1 Qxd7 23. Ncxe5 ({Resist} 23. Nfxe5 $6 Qb5 $14) 23... Qb5 24. Qxb5 axb5 25. Nd7 $1 {[%csl LRc5,LRf8]} Nxe4 26. Nxf8 Kxf8 {[#]} 27. Ne5 $1 c4 28. Nc6 Bxc6 29. dxc6 $18 {[%mdl 4096] Endgame KRR-KRN} b3 30. a6 g6 {intending ...c3.} 31. f3 Nc5 32. Rd5 c3 $2 (32... Rxa6 $16 33. Rxa6 Nxa6) 33. Rxc5 {White is clearly winning.} Rxa6 {[#]} 34. Rf1 $1 ({Not} 34. Rxa6 cxb2 35. Rxb5 (35. Ra8+ Kg7 $17) 35... b1=Q+ 36. Kh2 Qd3 $15) 34... cxb2 35. Rxb5 Rxc6 36. Rxb3 Rc2 37. Kh2 Rc1 38. Rg1 {Precision: White = 90%, Black = 27%.} 1-0

[Event "RUS-chT Premier League 2018"]
[Site "Sochi"]
[Date "2018.05.01"]
[Round "1"]
[White "Rublevsky, Sergei"]
[Black "Zvjaginsev, Vadim"]
[Result "1/2-1/2"]
[WhiteElo "2665"]
[BlackElo "2625"]
[Annotator "TA"]
[PlyCount "81"]
[EventDate "2018.??.??"]
[EventCountry "RUS"]
[SourceTitle "playchess.com"]
[Source "ChessBase"]
[SourceQuality "1"]

{[%evp 19,81,10,22,7,0,8,10,15,13,10,20,-9,-3,-16,0,-5,0,-12,0,0,0,0,0,0,0,0,0,0,0,0,8,0,0,0,0,0,0,0,0,-4,0,0,0,0,0,0,0,0,0,0,0,0,0,0,0,0,0,0,0,0,0,0,0,0]} 1. e4 e6 2. d4 d5 3. Nd2 {[%cal Bb1d2,Bd2f3,Bf3e5][%mdl 32]} c5 4. Ngf3 Nc6 5. exd5 exd5 6. Bb5 cxd4 7. Nxd4 Bd7 8. N2f3 Nf6 {C09: French Tarrasch: 3...c5 4 exd5 exd5 5 Ngf3 Nc6} (8... Bd6 9. O-O Nge7 10. Re1 O-O 11. Bg5 Re8 12. c3 Qc7 13. h3 Nxd4 14. Nxd4 Nc6 15. Rxe8+ Rxe8 16. Nf3 {1-0 (82) Alsina Leal,D (2531)-Narciso Dublan,M (2551) Barcelona 2011}) 9. O-O Be7 10. Re1 O-O {LiveBook: 5 Games. The position is equal.} 11. Bg5 Re8 12. Bxc6 $146 ({Predecessor:} 12. c3 Qc7 13. Bd3 Nxd4 14. cxd4 Bg4 {0-1 (39) Gerigk,E (2275)-Heika,M (2260) Germany 1997}) 12... bxc6 13. Ne5 Qc7 14. Qf3 Bd8 15. Qf4 c5 16. Nxd7 Qxd7 17. Nf5 Re6 18. Rad1 Bc7 19. Qf3 {Hoping for Bxf6.} Rae8 20. Re3 {Strongly threatening Bxf6.} Ne4 $1 {[%cal Re4g5]} 21. Bh6 $1 {[%cal Rh6g7]} Rf6 {[#]} 22. Rxe4 $1 {[%mdl 512]} Rxe4 {[#]} (22... dxe4 23. Qg4) 23. Qxe4 $1 {[%mdl 512]} Rxf5 (23... dxe4 24. Rxd7) 24. Qg4 {[%csl Gh6][%cal Rg4g7]} g6 25. g3 Be5 26. c3 Bg7 27. Bxg7 Kxg7 $11 {[%mdl 4096] Endgame KQR-KQR} 28. Qe2 Qe6 29. Re1 Qxe2 (29... Qd6 {feels hotter.} 30. Qd3 d4 31. cxd4 cxd4 32. h4 Ra5) 30. Rxe2 {KR-KR} Rf6 31. Re7 Rb6 32. b3 Ra6 33. Rd7 Rxa2 34. Rxd5 Ra3 35. Rxc5 Rxb3 36. Ra5 Rxc3 37. Rxa7 Rc2 38. h4 Rc3 39. Kg2 Rc2 40. Kf3 Rc1 41. Ke4 {Precision: White = 77%, Black = 89%.} 1/2-1/2

[Event "RUS-chT Premier League 2018"]
[Site "Sochi"]
[Date "2018.05.01"]
[Round "1"]
[White "Grachev, Boris"]
[Black "Riazantsev, Alexander"]
[Result "1/2-1/2"]
[WhiteElo "2647"]
[BlackElo "2662"]
[Annotator "TA"]
[PlyCount "65"]
[EventDate "2018.??.??"]
[EventCountry "RUS"]
[SourceTitle "playchess.com"]
[Source "ChessBase"]
[SourceQuality "1"]

{[%evp 9,65,0,0,-16,0,0,2,-3,5,12,10,22,18,-5,2,0,-3,6,0,-10,-12,-12,-9,-14,0,0,0,-14,0,0,11,0,4,6,11,0,0,0,0,0,0,0,0,0,0,0,0,0,0,0,0,0,0,0,0,0,0,0]} 1. c4 e6 2. g3 d5 3. Bg2 Nf6 4. Nf3 dxc4 5. O-O a6 {The position is equal.} 6. Qc2 {A13: English Opening: 1...e6} (6. a4 Nc6 7. Qc2 Na5 8. Na3 Qd5 9. Rd1 Bd7 10. d4 Qf5 11. Bd2 Qxc2 12. Nxc2 Nb3 13. Ra2 Bc6 14. Ne5 Bd5 {½-½ (68) So,W (2810)-Ding,L (2777) Tbilisi 2017}) 6... Bd6 7. Qxc4 b5 8. Qc2 Bb7 9. a4 c5 10. Nc3 Qb6 11. d3 O-O 12. axb5 $146 ({Predecessor:} 12. Bg5 Nbd7 13. e4 Ng4 {½-½ (76) Rozum,I (2599)-Vaishali,R (2312) Voronezh 2017}) 12... axb5 13. Rxa8 Bxa8 14. Bg5 Nbd7 15. Ra1 Rb8 16. Ne5 Bxg2 17. Nxd7 Nxd7 18. Kxg2 c4 19. dxc4 bxc4 20. Rd1 {[#] Hoping for Qd2.} Bf8 21. Be3 Qb7+ 22. Qe4 f5 23. Qxb7 Rxb7 24. Rd4 e5 25. Rxc4 Rxb2 26. Rc7 Nf6 27. Bc5 Bxc5 28. Rxc5 $11 {KRN-KRN} Rc2 29. Kf1 Rc1+ 30. Kg2 Rc2 31. Kf1 Rc1+ 32. Kg2 Rc2 33. Kf1 {Precision: White = 78%, Black = 75%.} 1/2-1/2

[Event "RUS-chT Premier League 2018"]
[Site "Sochi"]
[Date "2018.05.01"]
[Round "1"]
[White "Paravyan, David"]
[Black "Palachev, Petr"]
[Result "1-0"]
[WhiteElo "2631"]
[BlackElo "2395"]
[Annotator "TA"]
[PlyCount "73"]
[EventDate "2018.??.??"]
[EventCountry "RUS"]
[SourceTitle "playchess.com"]
[Source "ChessBase"]
[SourceQuality "1"]

{[%evp 9,73,12,24,13,23,17,20,24,12,10,74,36,68,85,98,90,79,86,102,30,39,44,35,38,70,76,88,0,0,-7,0,-113,56,67,85,71,128,114,120,117,199,197,199,212,193,129,245,99,393,416,400,405,411,391,404,399,1081,367,417,393,1568,894,1915,1764,29986,29986]} 1. e4 c5 2. Nf3 Nc6 3. Bb5 g6 4. Bxc6 bxc6 5. d4 Bg7 6. dxc5 {B31: Sicilian: 2...Nc6 3 Bb5 g6} (6. O-O cxd4 7. Nxd4 Qb6 8. Be3 c5 9. Nb3 d6 10. N1d2 Ba6 11. c4 Rd8 12. h3 e6 13. Qg4 {½-½ (31) Delgado Ramirez,N (2618)-Zhigalko,S (2652) Baku 2016}) 6... Qa5+ 7. Nbd2 Nf6 8. O-O {The position is equal.} Qxc5 9. Nb3 Qh5 $146 (9... Qb6 $11) ({Predecessor:} 9... Qb6 10. e5 Ng4 11. Bf4 f6 12. exf6 Nxf6 13. Re1 {1-0 (55) Ochsner,B (2459)-Light,B (2234) Denmark 2017}) 10. Re1 (10. e5 $5 {[%cal Re5f6]}) 10... O-O 11. e5 Ng4 {[%cal Rg4e5]} 12. Bf4 f6 13. exf6 Rxf6 14. Bg3 (14. Qd2 $1 $16) 14... Rf7 $11 15. h3 Nh6 16. Be5 d6 17. Bxg7 Rxg7 18. Re4 (18. Qd3 $16) 18... g5 {[%cal Bg6g5,Bg5g4][%mdl 32]} 19. Qe2 $36 {[%mdl 2048] White is pushing.} g4 20. Nfd4 (20. Rxe7 $2 Rxe7 21. Qxe7 gxf3 $17) (20. hxg4 $11 {remains equal.} Bxg4 21. Rxe7) 20... Qg5 $2 ({Better is} 20... e5 $1 $17 {...Qg6 is the strong threat.} 21. Nxc6 Qg6) 21. h4 $1 $14 {[%cal Rh4g5]} Qxh4 22. Qc4+ $1 Rf7 (22... Kh8 $142) 23. g3 $16 Qf6 24. Rf4 (24. Qxc6 $2 Qxf2+ 25. Kh1 Rb8 $19) 24... Bf5 (24... d5 $16 25. Rxf6 dxc4 26. Rxh6 cxb3) 25. Nxf5 $18 (25. Nxc6 $2 e5 $19) (25. Qxc6 Raf8 $14) 25... Nxf5 26. Nd4 (26. Qxc6 Raf8 $14) (26. Rxg4+ Kh8 $11) 26... d5 {[#]} 27. Qa4 ({And not} 27. Rxg4+ Ng7 $15) ({Don't play} 27. Qxc6 $6 Qxc6 28. Nxc6 Ng7 $16) ({White should try} 27. Qd3 $1 $18 e6 28. Re1 (28. Rxg4+ Rg7 $16) (28. Nxc6 Rc8 $14)) 27... Qg6 {[#]} (27... Qe5 $16 {keeps fighting.}) 28. Nxc6 (28. Nxf5 $1 $18 Rxf5 29. Rxg4) 28... Qd6 $2 {[%mdl 8192] [#]} (28... Qe6 $16) 29. Rxf5 $1 {[%mdl 512]} Rxf5 30. Qxg4+ Kh8 {aiming for ...Raf8.} 31. Qxf5 Qxc6 {[%mdl 4096] Endgame KQR-KQR} 32. Re1 Rg8 $2 (32... Qf6 33. Qxd5 Rf8) 33. Re6 $2 (33. Rxe7 {[%csl Gf5][%cal Re7h7]} Rxg3+ 34. Kh2) 33... Qd7 34. c3 a5 $2 (34... Rg6) 35. Qe5+ Rg7 36. Rb6 {Threatening mate with Rb8+.} Kg8 37. Qb8+ {Precision: White = 70%, Black = 32%.} 1-0

[Event "RUS-chT Premier League 2018"]
[Site "Sochi"]
[Date "2018.05.01"]
[Round "1"]
[White "Romanov, Evgeny"]
[Black "Khismatullin, Denis"]
[Result "1/2-1/2"]
[WhiteElo "2619"]
[BlackElo "2632"]
[Annotator "TA"]
[PlyCount "97"]
[EventDate "2018.??.??"]
[EventCountry "RUS"]
[SourceTitle "playchess.com"]
[Source "ChessBase"]
[SourceQuality "1"]

{[%evp 20,97,13,13,23,19,17,17,14,14,43,13,25,20,21,22,25,16,37,0,0,0,-8,-16,0,0,0,0,0,0,0,0,7,2,2,0,0,0,0,0,7,0,0,0,0,0,0,0,0,0,0,0,0,0,8,8,10,14,14,6,25,19,10,18,9,21,42,27,128,137,157,20,27,21,22,0,17,0,24,0]} 1. e4 e5 2. Nf3 Nf6 3. Nxe5 d6 4. Nf3 Nxe4 5. d4 d5 6. Bd3 Be7 7. O-O O-O 8. Nbd2 {[%cal Bb1d2,Bd2f1,Bf1e3][%mdl 32]} Bf5 {C42: Petroff Defence: 3 Nxe5 and unusual White 3rd moves} 9. Re1 Nd6 10. Nf1 Bxd3 11. Qxd3 {LiveBook: 3 Games} c6 12. Bf4 Na6 {[%cal Bb8a6,Ba6c7,Bc7e6][%mdl 32]} 13. Qb3 {[#]} Nc7 $146 ({Predecessor:} 13... Rb8 14. Ng3 Nc7 15. Bxd6 Bxd6 16. Nf5 g6 17. Nxd6 Qxd6 18. Qd3 Rfe8 19. c3 Rxe1+ 20. Rxe1 Re8 21. Rxe8+ Nxe8 {½-½ (21) Kokarev,D (2615)-Ni,H (2671) Riadh 2017}) 14. Ne3 Re8 15. c3 (15. Bxd6 $5 Bxd6 16. c4 $11 (16. Qxb7 Qd7 $11)) 15... Rb8 16. Re2 Ne6 17. Bg3 Qb6 18. Qc2 Rbd8 19. Nd2 Qa6 20. Nb3 Ne4 21. Nf5 (21. Rae1 {is more complex.} Nxg3 22. hxg3 Qa4 23. Qb1 Bf8 24. Ng4) 21... Nxg3 22. Nxe7+ Rxe7 23. hxg3 Rde8 24. Rae1 b6 25. Nc1 g6 26. Qd2 f6 27. g4 Qb7 28. Nd3 Qc7 29. Re3 Kg7 30. R1e2 a5 31. Qe1 {[%cal Re3e6]} Kf7 32. f4 Qd6 33. Qf2 Ng7 34. g5 Rxe3 35. Rxe3 Rxe3 36. Qxe3 fxg5 37. Ne5+ Kg8 38. fxg5 Ne6 39. Ng4 c5 40. dxc5 bxc5 41. Nf6+ Kf7 42. Qf2 Ke7 43. Qh4 Nf8 {[#]} (43... Nd8 $1 $11) 44. Qa4 $1 $16 {[%csl Gf6][%cal Ra4e8]} Ke6 45. Qg4+ (45. Qxa5 $16 Qe5 46. Qa6+ (46. Qxc5 Qe1+ 47. Kh2 Qh4+ 48. Kg1 Qe1+ 49. Kh2 Qh4+ 50. Kg1 Qe1+ $11) 46... Kf5 47. Qf1+ Kxg5 48. Nxd5) 45... Kf7 $11 46. Qf3 {Black must now prevent Ne4+.} Ke6 $1 47. Qg4+ Kf7 48. Qf3 {[#] And now Ne4+ would win.} Ke6 $1 49. Qg4+ {Precision: White = 53%, Black = 57%.} 1/2-1/2